000 002310000a22000970004500
100 1 _aNeira, Armando
245 1 0 _aSida : Sangre de tu sangre
300 _aVol. 11, Núm 11 (1993), Páginas 16-20
773 0 _tCambio 16
942 _cANA
999 _c58501
_d58501